header

Information and information flow (Record no. 37331)

MARC details
000 -LEADER
fixed length control field 01199nam a2200313 a 4500
100 1# - MAIN ENTRY--AUTHOR NAME
Personal name Bremer, Manuel.
245 10 - TITLE STATEMENT
Title Information and information flow
260 ## - PUBLICATION, DISTRIBUTION, ETC. (IMPRINT)
Place of publication Frankfurt :
Name of publisher Ontos Verlag,
Year of publication 2004.
300 ## - PHYSICAL DESCRIPTION
Number of Pages 243 p. :
Other physical details ill.
650 #0 - SUBJECT ADDED ENTRY--TOPICAL TERM
Topical Term Freedom of information.
700 1# - ADDED ENTRY--PERSONAL NAME
Personal name Cohnitz, Daniel,
856 40 - ELECTRONIC LOCATION AND ACCESS
Uniform Resource Identifier http://site.ebrary.com/lib/rucke/Doc?id=10728758

No items available.

© 2026 Rongo University
Contact us: librarian | system librarian | Rongo university